000 00318nam a2200133Ia 4500
005 20260328101508.0
008 260328s9999||||xx |||||||||||||| ||und||
100 _ade Coulanges, Fustel
245 0 _aLa Ciudad Antigua /
_cFustel de Coulanges
260 _bEdaf
300 _a371 p.
650 _aURBANISMO
942 _cBK
999 _c9106
_d9106